00534nam a2200181 a 45000010010000000030011000100080041000210350026000620820017000881000024001052450036001292600036001656500014002019420012002159520090002279980020003179990015003370000-8621ELIB.Books110520 1962  a(ELIB.Books)0000-8767 a252.05 bRob aRobshaw, Charles P. aThe Wisdom that does not Change bNew York: Abingdon Press c1962 aPreaching 2ddccBK 00102ddc4070aKBTSbKBTSd2011-05-20l0p4062r2022-01-22 00:00:00w2022-01-22yBK cbate2011-05-20 c8621d8621